| 000 | 00880nam a22002297a 4500 | ||
|---|---|---|---|
| 999 |
_c19295 _d19295 |
||
| 003 | AR-CdUCM | ||
| 008 | 190517b ||||| |||| 00| 0 spa d | ||
| 040 |
_aMUNICIPALIDAD PROVINCIAL DEL CUSCO _cBIBLIOTECA MUNICIPAL DEL CUSCO |
||
| 041 | _hrus | ||
| 082 |
_a516 / _bG74 |
||
| 100 |
_aGordon, V. O. _939486 |
||
| 245 | _aCurso de descriptiva geométrica / | ||
| 260 |
_aMoscú : _bMir Moscú, _c1973. |
||
| 300 |
_a371 páginas ; _bfiguras, _c22 cm. |
||
| 505 | _aContenido: Formación de las proyecciones -- Punto y recta -- El plano -- Posición reciproca de dos planos de una línea recta y un plano -- Métodos de cambio de los planos de proyección y de giro -- Representación de poliedros ... | ||
| 650 |
_aGeometría _918656 |
||
| 650 |
_aRecta _939488 |
||
| 650 |
_aPunto _939487 |
||
| 650 |
_aSuperficie _940557 |
||
| 942 |
_2ddc _cLIBROS |
||
| 945 |
_aachl _d2019-05-17 |
||